Attacking Africa's poverty : (Record no. 13004)
[ view plain ]
| 000 -LEADER | |
|---|---|
| fixed length control field | 00915nam a22002532 4500 |
| 001 - CONTROL NUMBER | |
| control field | 0000005937 |
| 005 - DATE AND TIME OF LATEST TRANSACTION | |
| control field | 20151217155829.0 |
| 008 - FIXED-LENGTH DATA ELEMENTS--GENERAL INFORMATION | |
| fixed length control field | 070810s xx 000 0 eng d |
| 020 ## - INTERNATIONAL STANDARD BOOK NUMBER | |
| International Standard Book Number | 9780821363225 : |
| Terms of availability | KES 1,600 |
| 040 ## - CATALOGING SOURCE | |
| Original cataloging agency | KABU |
| Transcribing agency | KABU |
| 050 #0 - LIBRARY OF CONGRESS CALL NUMBER | |
| Classification number | HC800 |
| Item number | .Z9P63A88 |
| 245 10 - TITLE STATEMENT | |
| Title | Attacking Africa's poverty : |
| Remainder of title | experience from the ground / |
| Statement of responsibility, etc. | edited by Louise Fox, Robert Liebenthal. |
| 260 ## - PUBLICATION, DISTRIBUTION, ETC. (IMPRINT) | |
| Place of publication, distribution, etc. | Washington, DC : |
| Name of publisher, distributor, etc. | World Bank, |
| Date of publication, distribution, etc. | 2005. |
| 300 ## - PHYSICAL DESCRIPTION | |
| Extent | xxi, 389 p. |
| 650 #0 - SUBJECT ADDED ENTRY--TOPICAL TERM | |
| Topical term or geographic name as entry element | Economic assistance |
| Geographic subdivision | Africa |
| General subdivision | Case studies. |
| -- | 0000157252 |
| 650 #0 - SUBJECT ADDED ENTRY--TOPICAL TERM | |
| Topical term or geographic name as entry element | Poverty |
| Geographic subdivision | Africa. |
| General subdivision | Case studies. |
| -- | 0000157253 |
| 650 #0 - SUBJECT ADDED ENTRY--TOPICAL TERM | |
| Topical term or geographic name as entry element | Economic development projects |
| Geographic subdivision | Africa. |
| General subdivision | Case studies. |
| -- | 0000157254 |
| 700 1# - ADDED ENTRY--PERSONAL NAME | |
| Personal name | Fox, Louise. |
| -- | 0000157255 |
| 700 1# - ADDED ENTRY--PERSONAL NAME | |
| Personal name | Liebenthal, Robert. |
| -- | 0000157256 |
| 710 2# - ADDED ENTRY--CORPORATE NAME | |
| Corporate name or jurisdiction name as entry element | World Bank. |
| -- | 0000150142 |
| 908 ## - PUT COMMAND PARAMETER (RLIN) | |
| Put command parameter | 070810 |
| 950 ## - LOCAL HOLDINGS (RLIN) | |
| -- | 1 |
| Withdrawn status | Lost status | Source of classification or shelving scheme | Not for loan | Home library | Current library | Date acquired | Total Checkouts | Full call number | Barcode | Date last seen | Date last checked out | Price effective from | Koha item type |
|---|---|---|---|---|---|---|---|---|---|---|---|---|---|
| Library of Congress Classification | Kabarak, Main Campus | Kabarak, Main Campus | 17/12/2015 | 1 | HC800 .Z9P63A88 c. 1 | 001898 | 26/04/2021 | 09/04/2021 | 17/12/2015 | Africana Collection |